000 01395nam a2200325 c 4500
003 BLK
005 20180420214747.0
008 180412b bul|||||r ||||||| ||bul||
010 _aKNG00014086000
020 _a954-90168-1-1
_bиздат.: Безсмъртни мисли
040 _aBLK
041 _aBUL
_cBUL
080 _aСъобщителна техника. Вж и 621.3.09. Организация и експлоатация на съобщенията вж 654
_b621.39
_x(031)
_z621.39(031)
100 1 _aМилчев, Асен
_eпърви автор
_9257559
139 _aМилчев, Асен
_bM 61
245 1 0 _aКратка енциклопедия на телекомуникациите
_bТелеграф, телефон, радиовръзки, косм. съобщения
_cАсен Милчев.
257 _aBGR
260 София
_bБезсмъртни мисли
_c1996
300 _a224 с.
_bс ил., черт., портр.
_c29 см
380 _a62
500 _aБиогр. речник показалец
650 4 _aТелекомуникации - енциклопедии
_9257560
653 _aтелекомуникации
653 _aенциклопедии
852 _aЦб ІІ 9113
856 4 _qpdf
_u
856 4 _qpdf
_u
942 _cKNG
_n0
944 _aCR
_c15.01.2003
_kКети_Илиева
944 _aED
_c27.08.2015
_kВаля_Йорданова
999 _c12480
_d12480